[Event "FRA-chT2S 0203"]
[Site "France"]
[Date "2003.??.??"]
[Round "5.1"]
[White "Chery, Nicolas"]
[Black "Mancini, Mario"]
[Result "0-1"]
[WhiteElo "2344"]
[BlackElo "2301"]
[PlyCount "132"]
[EventDate "2002.10.??"]
[EventType "team"]
[EventRounds "11"]
[EventCountry "FRA"]
[SourceTitle "EXT 2004"]
[Source "ChessBase"]
[SourceDate "2003.11.25"]
[SourceVersion "1"]
[SourceVersionDate "2003.11.25"]
[SourceQuality "1"]
[WhiteTeam "Le Touquet"]
[BlackTeam "Lille"]
[WhiteTeamCountry "FRA"]
[BlackTeamCountry "FRA"]

1. Nf3 Nf6 2. g3 d5 3. Bg2 c6 4. 0-0 Bf5 5. d3 h6 6. Nbd2 e6 7. Qe1 Nbd7 8. b3 Be7 9. Bb2 0-0 10. e4 dxe4 11. dxe4 Bh7 12. Qe2 Qc7 13. Rad1 Rfd8 14. e5 Nd5 15. Ne4 Nc5 16. Nd6 a5 17. Bd4 b6 18. a3 Bxd6 19. exd6 Qxd6 20. Bb2 Qc7 21. Nd4 Rd7 22. c4 Ne7 23. b4 axb4 24. axb4 Nd3 25. Ra1 Rad8 26. Nf3 Nxb2 27. Qxb2 Be4 28. Qe5 Bxf3 29. Qxc7 Rxc7 30. Bxf3 Nf5 31. Rfd1 Rd4 32. Rxd4 Nxd4 33. Kg2 f5 34. Rd1 e5 35. Ra1 Kf7 36. Ra6 e4 37. Bd1 b5 38. c5 Ke6 39. Ra3 Kd5 40. Rc3 Ra7 41. f3 Ra2+ 42. Kh3 exf3 43. Bxf3+ Nxf3 44. Rxf3 Ke4 45. Rf4+ Ke5 46. Rf1 g5 47. g4 Ra3+ 48. Kg2 fxg4 49. Rf8 h5 50. Rg8 Ra2+ 51. Kg3 h4+ 52. Kxg4 Rxh2 53. Rxg5+ Kd4 54. Kf5 Kc3 55. Rg4 h3 56. Ke5 Rd2 57. Rh4 Rd5+ 58. Ke6 Rd4 59. Rxh3+ Kxb4 60. Ke5 Kxc5 61. Rc3+ Rc4 62. Rb3 Rc1 63. Ke4 Kc4 64. Rb2 Re1+ 65. Kf3 b4 66. Kf2 Re8 0-1